Statistics for MCR solo albums

Click here to take the quiz!

General Stats

  • This quiz has been taken 2 times
  • The average score is 26 of 56

Answer Stats

HintAnswer% Correct
Gerard way's solo albumHesitant alien
100%
Brother
100%
Millions
100%
9-6-15
50%
Im a mess
50%
They wanted darkness...
50%
I'll let you down
50%
Remedy
50%
Dear Percocet, I don't think we should see each other anymore
50%
Miss me
50%
Oceans
50%
The resurrectionist, or an existential crisis in c#
50%
Ray Toror solo album tracklist (questions 41-56)Isn't that something
50%
| Ray Toro solo albumRemember the laughter
50%
Frank Iero and the patience album tracklist (questions 28-40)World destroyer
50%
Walking in circles
50%
Wedding day
50%
We save
50%
Ascent
50%
Take the world
50%
Father's day
50%
The lucky ones
50%
Requiem
50%
Gerard way's solo album track list (Questions 2-13)The Bureau
50%
Veins! Veins!! Veins!!!
50%
Frank Iero and the patience albumParachutes
50%
Frnkiero andthe cellabration album tracklist (questions 14-26)All I want is nothing
50%
Action cat
50%
No shows
50%
Zero Zero
50%
Juarez
50%
Drugstore perfume
50%
Get the gang together
50%
How it's going to be
50%
Where do we belong? Anywhere but here
50%
Frnkiero andthe cellabration albumStomachaches
50%
Maya the psychic
50%
Weighted
50%
Stage 4 fear of trying
50%
Guilttripping
50%
Smoke rings
50%
Tragician
50%
Neverenders
50%
Joyriding
50%
Stitches
50%
She's the prettiest girl at the party, and she can prove it
50%
Blood infections
50%
The great beyond
0%
Viva difference
0%
Look at you now
0%
Eruption
0%
Hope for the world
0%
Waiting room
0%
FINIAL QUESTION: Who's name wasn't mentionedMikey Way-Waterparks and Electric Century
0%
Bob Bryar
0%

Score Distribution

Percentile by Number Answered

Percent of People with Each Score

Your Score History

You have not taken this quiz